00000000nam 2200000zi 4500
0019.925614
003CaOODSP
00520250129103003
006m     o  d f      
007cr cn|||||||||
008230727t20022002qucabd  ob   f000 0 eng d
020 |z0662330692
040 |aCaOODSP|beng|erda|cCaOODSP
043 |an-cn---|an-us---
0861 |aEn57-52/120E-PDF|zEn56-184/2002E
1001 |aFortin, Patrice, |eauthor.
24510|aPost-processing, validation and integration of LIDAR data into the St. Lawrence River digital terrain model / |cPatrice Fortin, Sylvain Martin and André Plante.
264 1|aSainte-Foy : |bEnvironment Canada, |c2002.
264 4|c©2002
300 |a1 online resource (viii, 30 pages) : |billustrations, maps, graphs.
336 |atext|btxt|2rdacontent
337 |acomputer|bc|2rdamedia
338 |aonline resource|bcr|2rdacarrier
4901 |aTechnical report MSC Québec - Hydrology ; |vRT-120
500 |aCover title.
500 |a"September 2002."
500 |aDigitized edition from print [produced by Environment and Climate Change Canada].
500 |aIssued also in French under title: Post-traitement, validation et intégration des données LIDAR dans le modèle numérique de terrain du fleuve Saint-Laurent.
500 |aThe catalogue number (En56-184/2002E) and ISBN (0662330692) for the print edition have been copied in this electronic publication.
500 |a"Presented to the Common Data Needs Group of the International Lake Ontario – St. Lawrence River Study Board (International Joint Commission)."
504 |aIncludes bibliographical references (page 27).
5203 |a"Three new improvements have been brought to the St. Lawrence River digital terrain model (DTM) that will contribute to improve the prediction of the impacts of water level changes on the ecosystem of the St. Lawrence River. These improvements had been identified as deliverables by the Common Data Needs Group meeting that was held in Burlington at the end of August 2002"--Abstract, page iv.
650 0|aWater levels|zSaint Lawrence River|xData processing.
7102 |aMeteorological Service of Canada.|bQuebec Region.|bHydrology, |eissuing body.
77508|tPost-traitement, validation et intégration des données LIDAR dans le modèle numérique de terrain du fleuve Saint-Laurent / |w(CaOODSP)9.947483
830#0|aTechnical report MSC Québec - Hydrology ;|vRT-120.|w(CaOODSP)9.919991
85640|qPDF|s1.19 MB|uhttps://publications.gc.ca/collections/collection_2023/eccc/En57-52-120-eng.pdf